00700nam a2200205 c 4500003000900000005001700009007000300026008004100029040003100070041000800101082001900109100005600128245005900184264007300243300002900316336002800345337003300373338003000406500005800436DO-SdBNP20250416143530.0ta250416b2025 dr ||||| |||| 00| 0 spa d aDO-SdBNPbspacBNPHU erda aspa 4axxxbR696L2221 aRodríguez Amiama, Enriquillo,d1962-eautor4aut.13aEl lobista recargado /cEnriquillo Rodríguez Amiama. aSanto Domingo, República Dominicana :bEditorial Santuario,c2025. a167 páginas ;c23 cm.  atextobtxt2rdacontent  asin mediaciónbn2rdamedia avolumen bnc2rdacarrier  aIncluye datos biográficos del autor en las solapas